Management talentů: priorita roku 2011

Pojem manažment talentov. Objavovanie talentov. Bariéry pri objavovaní talentov. Pokus o typológiu talentov. Talenty ako konkurenčná výhoda pre firmu.

Salvato in:
Dettagli Bibliografici
Natura: Capitolo di libro
Lingua:ceco
Soggetti:
Tags: Aggiungi Tag
Nessun Tag, puoi essere il primo ad aggiungerne!!

MARC

LEADER 00000naa a2200000 4500
001 0128506
005 20231129102448.0
041 0 |a cze 
044 |a CZ 
245 1 0 |a Management talentů: priorita roku 2011 
520 |a Pojem manažment talentov. Objavovanie talentov. Bariéry pri objavovaní talentov. Pokus o typológiu talentov. Talenty ako konkurenčná výhoda pre firmu. 
610 2 0 |a talenty 
610 2 0 |a kapitál ľudský 
610 2 0 |a riadenie ľudských zdrojov 
610 2 0 |a manažment 
610 2 0 |a zručnosti